[Event "Championnat de la Loire Open"]
[Site "St-Etienne"]
[Date "2003.03.22"]
[Round "4.4"]
[White "Gidon, Rene"]
[Black "Vier, Serge"]
[Result "1/2-1/2"]
[WhiteElo "1550"]
[BlackElo "1650"]
[PlyCount "87"]

1. e4 e6 2. d4 d5 3. Nc3 dxe4 4. Nxe4 Bd7 5. Nf3 Bc6 6. Bd3 Nd7 7. O-O Ngf6 8.
Nxf6+ Nxf6 9. c3 b6 10. Ne5 Qd5 11. Nxc6 Qxc6 12. f3 Qd7 13. a4 Be7 14. Be3 O-O
15. Qc2 Rad8 16. Rfe1 c5 17. Bb5 Qc7 18. Rad1 cxd4 19. Bxd4 Bc5 20. Qf2 Bxd4
21. Rxd4 Rxd4 22. Qxd4 Rd8 23. Qe5 Qxe5 24. Rxe5 Rd2 25. b3 Nd5 26. c4 Nc7 27.
c5 Nxb5 28. axb5 bxc5 29. Rxc5 Rd8 30. Rc7 Ra8 31. Rb7 g6 32. b4 e5 33. b6 axb6
34. Rxb6 Ra7 35. b5 Ra1+ 36. Kf2 Rb1 37. h4 Kf8 38. Ke3 f5 39. g3 Ke7 40. Rb7+
Ke6 41. b6 h5 42. Rg7 Rb3+ 43. Ke2 Kf6 44. Rb7 1/2-1/2

[Event "Championnat de la Loire Open"]
[Site "St-Etienne"]
[Date "2003.03.22"]
[Round "4.5"]
[White "Bazoux, Sebastien"]
[Black "Minchilli, Franco"]
[Result "0-1"]
[WhiteElo "1430"]
[BlackElo "1600"]
[PlyCount "50"]

1. d4 d5 2. c4 Nf6 3. Nc3 e6 4. Nf3 c5 5. Bg5 Nbd7 6. e3 Be7 7. Bd3 Nb6 8. cxd5
Nbxd5 9. Nxd5 Qxd5 10. dxc5 Qxc5 11. O-O Bd7 12. Rc1 Qb6 13. b3 Rd8 14. Qe2 Bc6
15. Ne5 O-O 16. Nxc6 bxc6 17. Rc4 Rd5 18. Qc2 Rxg5 19. Rxc6 Qb7 20. f3 Nd5 21.
Qc1 Nb4 22. Rc7 Nxd3 23. Rxb7 Nxc1 24. Rxc1 Bc5 25. Rb5 Bxe3+ 0-1

[Event "Championnat de la Loire Open"]
[Site "St-Etienne"]
[Date "2003.03.22"]
[Round "4.6"]
[White "Barthelemy, Jerome"]
[Black "Adamus, Jeremy"]
[Result "0-1"]
[WhiteElo "1480"]
[BlackElo "1199"]
[PlyCount "98"]

1. c4 e5 2. Nc3 Nf6 3. Nf3 Nc6 4. g3 Bb4 5. Bg2 d6 6. O-O O-O 7. a3 Ba5 8. d4
Re8 9. dxe5 Bxc3 10. bxc3 Nxe5 11. Nxe5 dxe5 12. Rb1 Rb8 13. Bg5 Qxd1 14. Rfxd1
Nd7 15. Rd2 Nb6 16. Rbd1 Nxc4 17. Rd8 Be6 18. Rxe8+ Rxe8 19. Bxb7 Nxa3 20. Bc6
Rb8 21. e4 Rb1 22. Rxb1 Nxb1 23. Be3 a5 24. Kg2 Nxc3 25. Bd2 Ne2 26. Bxa5 Nd4
27. Bb7 c5 28. Ba6 c4 29. Bc3 f6 30. h4 Kf7 31. f3 Ke7 32. Kf2 Kd6 33. Ke3 Kc5
34. Bb7 Nb5 35. Kd2 Bh3 36. f4 exf4 37. gxf4 Bg2 38. Bd5 Nc7 39. Bb7 Kb6 40.
Bd5 Nxd5 41. exd5 Bxd5 42. Ke3 Be6 43. Ke4 Kb5 44. f5 Bf7 45. Kd4 Bh5 46. Ke3
Ka4 47. Kd4 Kb3 48. Ba5 Bg4 49. h5 Bxf5 0-1

[Event "Championnat de la Loire Open"]
[Site "St-Etienne"]
[Date "2003.03.22"]
[Round "4.7"]
[White "Gaillard, Pierre"]
[Black "Mathieu, Jacques"]
[Result "1-0"]
[WhiteElo "1710"]
[BlackElo "1499"]
[PlyCount "81"]

1. d4 d5 2. Nf3 Nf6 3. g3 c6 4. Bg2 e6 5. O-O Be7 6. Nbd2 O-O 7. Re1 c5 8. e4
dxe4 9. Nxe4 Nxe4 10. Rxe4 Nc6 11. c3 Re8 12. Qe2 b6 13. Bf4 Bb7 14. dxc5 Bxc5
15. Ne5 Nxe5 16. Rxe5 Bxg2 17. Kxg2 Qc8 18. Qf3 Bd6 19. Re2 Bxf4 20. Qxf4 Qc6+
21. Kg1 Red8 22. Rd2 Rxd2 23. Qxd2 Qd5 24. Qxd5 exd5 25. Rd1 Rd8 26. Kg2 Kf8
27. c4 d4 28. Kf3 Ke7 29. Ke4 d3 30. Rxd3 Rxd3 31. Kxd3 Kd6 32. Kd4 a5 33. h3
g5 34. b3 h5 35. h4 g4 36. a3 f6 37. b4 axb4 38. axb4 Ke6 39. c5 b5 40. Ke4 f5+
41. Kf4 1-0

[Event "Championnat de la Loire Open"]
[Site "St-Etienne"]
[Date "2003.03.22"]
[Round "4.8"]
[White "Chabas, Jean-Luc"]
[Black "Rogues, Jean-Luc"]
[Result "1-0"]
[WhiteElo "1630"]
[BlackElo "1420"]
[PlyCount "51"]

1. e4 e6 2. d4 d5 3. e5 c5 4. c3 Nc6 5. Nf3 Bd7 6. Be2 Nge7 7. O-O Nf5 8. Na3
Be7 9. Nc2 O-O 10. Ne3 c4 11. Nxf5 exf5 12. Rb1 b5 13. Bd2 a5 14. Qc1 Be6 15.
Kh1 Qb6 16. Bf4 b4 17. Ng5 a4 18. Nxe6 fxe6 19. Rg1 a3 20. g4 b3 21. bxa3 Rxa3
22. gxf5 Rxa2 23. Bh5 Rxf2 24. f6 Ba3 25. Qxa3 Rxf4 26. Rxg7+ 1-0

[Event "Championnat de la Loire Open"]
[Site "St-Etienne"]
[Date "2003.03.22"]
[Round "4.9"]
[White "Bournez, Gerard"]
[Black "Gerey, Bernard"]
[Result "1/2-1/2"]
[WhiteElo "1540"]
[BlackElo "1210"]
[PlyCount "116"]

1. e4 e6 2. d4 d5 3. e5 c5 4. Nc3 Nc6 5. Nf3 cxd4 6. Nxd4 Nxd4 7. Qxd4 Ne7 8.
Be2 Nc6 9. Bb5 Qc7 10. O-O Bd7 11. Bxc6 Qxc6 12. Kh1 Qc4 13. Qxc4 dxc4 14. Be3
Bc6 15. Rad1 Be7 16. f4 O-O 17. Ne2 Rfe8 18. c3 f6 19. Nd4 Bc5 20. Rfe1 fxe5
21. fxe5 Bd5 22. Nf3 Be7 23. Bd4 Rf8 24. Rf1 b5 25. Rd2 b4 26. cxb4 Bxb4 27.
Bc3 Be7 28. h3 Bg5 29. Rdd1 Bf4 30. Bd4 Rf5 31. Nh4 Rf7 32. Nf3 Bg3 33. Bc5 a5
34. a3 Bxf3 35. gxf3 Bxe5 36. Bd4 Bf4 37. Bc3 Rf5 38. Rd7 Be5 39. Rg1 g6 40.
Bxe5 Rxe5 41. Rd2 Rf5 42. Kg2 Rc8 43. Re1 c3 44. bxc3 Rxc3 45. Rf2 Rxa3 46.
Rxe6 Rg5+ 47. Kh2 Ra1 48. Ree2 Rgg1 49. Rg2 Rh1+ 50. Kg3 g5 51. Ra2 Rhd1 52.
Kh2 h5 53. h4 Rh1+ 54. Kg3 Rxa2 55. Rxa2 Rxh4 56. Rxa5 g4 57. Rg5+ Kf7 58. fxg4
Rxg4+ 1/2-1/2

[Event "Championnat de la Loire Open"]
[Site "St-Etienne"]
[Date "2003.03.22"]
[Round "4.10"]
[White "Vinot, Raoul"]
[Black "Trottet, Francois"]
[Result "1-0"]
[WhiteElo "1390"]
[BlackElo "1440"]
[PlyCount "87"]

1. d4 Nf6 2. c4 d5 3. Nc3 e6 4. a3 c5 5. Nf3 Qc7 6. dxc5 Qxc5 7. Be3 Qxc4 8.
Bd4 Be7 9. e3 Qc7 10. Be5 Qd7 11. Nb5 Nc6 12. Nc7+ Kf8 13. Nxa8 Nxe5 14. Nxe5
Qd6 15. Nf3 Qb8 16. Nb6 axb6 17. Bd3 Bd7 18. O-O g6 19. Rc1 Kg7 20. Qb3 Bc5 21.
Bb5 Qd6 22. Bxd7 Nxd7 23. Qc3+ e5 24. Rfd1 Nf6 25. b4 Bxe3 26. Qxe3 e4 27. Nd2
Ng4 28. Qd4+ f6 29. g3 Re8 30. Nc4 Qe7 31. Qxd5 e3 32. Qd7 exf2+ 33. Kg2 Qxd7
34. Rxd7+ Kh6 35. h3 Re1 36. Nd2 Rxc1 37. hxg4 Rc3 38. Kxf2 Rxa3 39. Rxb7 Rd3
40. Nf3 Rd6 41. Ke3 g5 42. Nd4 Kg6 43. Nf5 Re6+ 44. Kf3 1-0

[Event "Championnat de la Loire Open"]
[Site "St-Etienne"]
[Date "2003.03.22"]
[Round "4.11"]
[White "Bruyas, Benjamin"]
[Black "Conesa, Antoine"]
[Result "1-0"]
[WhiteElo "1230"]
[BlackElo "1420"]
[PlyCount "89"]

1. Nf3 e6 2. c4 c5 3. g3 Nf6 4. Bg2 Nc6 5. d3 Be7 6. O-O Rb8 7. Nc3 a6 8. a4
O-O 9. Re1 Qb6 10. b3 a5 11. Bf4 d6 12. e3 h6 13. d4 Qa7 14. Nb5 Qb6 15. Nxd6
Nh5 16. dxc5 Qd8 17. Nb5 Nxf4 18. exf4 Bxc5 19. Ne5 Nd4 20. Nd3 Bb6 21. c5 Nxb5
22. axb5 Ba7 23. b6 Bxb6 24. cxb6 Qxb6 25. Qc2 Qd8 26. Red1 b6 27. Ne5 Qf6 28.
Ra2 Rd8 29. Rxd8+ Qxd8 30. Nc6 Qd6 31. Nxb8 Qxb8 32. Qc3 Ba6 33. b4 Qd6 34. Ra1
axb4 35. Qf3 Bc4 36. Ra8+ Kh7 37. Qe4+ f5 38. Qxc4 Qd1+ 39. Qf1 Qd2 40. Rb8 Qd4
41. Re8 Qd6 42. Qb5 Qd1+ 43. Bf1 b3 44. Rxe6 Qc2 45. Rxb6 1-0

[Event "Championnat de la Loire Open"]
[Site "St-Etienne"]
[Date "2003.03.22"]
[Round "4.12"]
[White "Langlade, Remi"]
[Black "Mialon, Franck"]
[Result "1-0"]
[WhiteElo "1410"]
[BlackElo "1280"]
[PlyCount "37"]

1. e4 e5 2. Bc4 Bc5 3. d3 h6 4. Nf3 Nf6 5. Nxe5 O-O 6. c3 d5 7. exd5 Re8 8. d4
Bd6 9. Bf4 Ne4 10. O-O Qh4 11. Qf3 Bf5 12. Bb5 c6 13. dxc6 bxc6 14. Bc4 Re7 15.
Bxh6 Qxh6 16. Qxf5 Ng5 17. Qc8+ Kh7 18. g3 f6 19. Qg8# 1-0

[Event "Championnat de la Loire Open"]
[Site "St-Etienne"]
[Date "2003.03.22"]
[Round "4.13"]
[White "Veyrat, Gerard"]
[Black "Gerey, Jean-Pierre"]
[Result "1-0"]
[WhiteElo "1130"]
[BlackElo "1340"]
[PlyCount "109"]

1. d4 d5 2. c4 c6 3. Nc3 Nf6 4. e3 e6 5. Nf3 Bb4 6. c5 Ne4 7. Bd2 Nd7 8. Bd3
Nxd2 9. Qxd2 Qe7 10. a3 Ba5 11. b4 Bc7 12. b5 Nf6 13. a4 O-O 14. O-O Re8 15.
Rfe1 Bd7 16. e4 Qd8 17. e5 Ng4 18. h3 Nh6 19. Qg5 Ba5 20. Qxd8 Rexd8 21. Rac1
b6 22. Ng5 Nf5 23. g4 h6 24. Nf3 Ne7 25. Re2 Rf8 26. bxc6 Bxc6 27. Nb5 Ng6 28.
Bxg6 fxg6 29. Nh4 g5 30. Ng6 Rf7 31. cxb6 Bxb5 32. axb5 Bxb6 33. Rc6 Re8 34.
Kg2 Kh7 35. Nh4 gxh4 36. f3 Ref8 37. Rxe6 Rxf3 38. Rd6 Bxd4 39. Rxd5 Rg3+ 40.
Kh2 Bg1+ 41. Kh1 Rf1 42. e6 Rxh3+ 43. Kg2 Rh2+ 44. Kxf1 Rh1 45. e7 Bc5+ 46. Kg2
Rg1+ 47. Kh2 Rf1 48. Rxc5 h3 49. Kxh3 Rf3+ 50. Kg2 Rf4 51. e8=Q Rf6 52. Re6
Rf2+ 53. Kg3 Rf3+ 54. Kh4 Rh3+ 55. Kxh3 1-0

[Event "Championnat de la Loire Open"]
[Site "St-Etienne"]
[Date "2003.03.22"]
[Round "4.14"]
[White "Goudet, Maxence"]
[Black "Cayuela-Mosch, Renate"]
[Result "0-1"]
[WhiteElo "1299"]
[BlackElo "1499"]
[PlyCount "66"]

1. e4 e5 2. Nf3 Nc6 3. Nc3 Bc5 4. b3 Nf6 5. Be2 Ng4 6. h3 Nxf2 7. d4 Nxd1 8.
Bxd1 Nxd4 9. Nxe5 Qh4+ 10. Kf1 O-O 11. Be3 d6 12. Nd3 Nxc2 13. Bxc2 Bxe3 14.
Re1 Qf6+ 15. Ke2 Bd4 16. Rhf1 Qg5 17. Nd1 Qxg2+ 18. N3f2 Re8 19. Rg1 Qh2 20.
Rh1 Qf4 21. Kf1 b6 22. Rg1 Ba6+ 23. Kg2 Re5 24. Bd3 Bb7 25. Ref1 Rg5+ 26. Ng4
Qd2+ 27. Ndf2 Re8 28. a4 Bxe4+ 29. Bxe4 Rxe4 30. Rd1 Rexg4+ 31. hxg4 Rxg4+ 32.
Kh1 Rh4+ 33. Kg2 Qxf2# 0-1

[Event "Championnat de la Loire Open"]
[Site "St-Etienne"]
[Date "2003.03.22"]
[Round "4.15"]
[White "Campoy, Jean"]
[Black "Rengame, Mohane"]
[Result "0-1"]
[WhiteElo "1470"]
[BlackElo "1460"]
[PlyCount "76"]

1. e4 e5 2. d3 Bc5 3. Nf3 Nc6 4. Nc3 h6 5. Be2 Nge7 6. O-O O-O 7. Nh4 d6 8. Nf5
Bxf5 9. exf5 Nxf5 10. Bg4 Nfe7 11. Ne2 f5 12. Bf3 Qe8 13. Ng3 f4 14. Ne4 Bb6
15. c3 Qg6 16. Bh5 Qh7 17. Qg4 g6 18. Qe6+ Kh8 19. Bg4 Qg7 20. Kh1 h5 21. Bf3
Rg8 22. Ng5 Raf8 23. Qh3 Qh6 24. Ne4 Nf5 25. Ng3 Nce7 26. Be4 d5 27. Bxf5 Nxf5
28. b3 c6 29. Bb2 fxg3 30. fxg3 Rf6 31. Bc1 Qh7 32. Bg5 Rf7 33. Rf3 Rgf8 34.
Raf1 Kg8 35. g4 hxg4 36. Qxg4 e4 37. dxe4 dxe4 38. Qxe4 Ng3+ 0-1

[Event "Championnat de la Loire Open"]
[Site "St-Etienne"]
[Date "2003.03.22"]
[Round "5.1"]
[White "Valet, Godeffroy"]
[Black "Pupier, Terry"]
[Result "0-1"]
[WhiteElo "1750"]
[BlackElo "1780"]
[PlyCount "90"]

1. e4 Nf6 2. e5 Nd5 3. d4 d6 4. Nf3 c6 5. Bc4 Nb6 6. Bb3 d5 7. Bf4 Bf5 8. Nbd2
e6 9. Nh4 Qxh4 10. g3 Qd8 11. h4 h6 12. g4 Bh7 13. g5 hxg5 14. hxg5 Bxc2 15.
Qf3 Be4 16. Nxe4 dxe4 17. Qxe4 Rxh1+ 18. Qxh1 Qxd4 19. Qf3 Nd5 20. Bxd5 Qxd5
21. Qxd5 cxd5 22. Rc1 Kd7 23. Ke2 Nc6 24. a3 Rc8 25. Kd1 Na5 26. Rxc8 Kxc8 27.
Be3 b6 28. f4 Nc4 29. Bc1 a5 30. a4 Kb7 31. Kc2 Bc5 32. Kd3 Kc6 33. b3 Na3 34.
Bd2 Kb7 35. Bc1 Ka6 36. Be3 Bxe3 37. Kxe3 Nc2+ 38. Kd3 Nb4+ 39. Ke3 Nc6 40. Kd3
b5 41. Kc3 Kb6 42. Kd3 Kc5 43. Ke3 bxa4 44. bxa4 Kb4 45. f5 g6 0-1

[Event "Championnat de la Loire Open"]
[Site "St-Etienne"]
[Date "2003.03.22"]
[Round "5.2"]
[White "Vier, Serge"]
[Black "Breinl, Alix"]
[Result "1-0"]
[WhiteElo "1650"]
[BlackElo "1499"]
[PlyCount "67"]

1. d4 Nf6 2. c4 g6 3. Nc3 Bg7 4. e4 d6 5. f3 O-O 6. Be3 Nbd7 7. Qd2 e5 8. Nge2
Re8 9. O-O-O c6 10. d5 cxd5 11. Nxd5 Re6 12. Nec3 Nxd5 13. Nxd5 Nf6 14. Bg5 Qd7
15. Nxf6+ Bxf6 16. Bxf6 Rxf6 17. Qh6 b6 18. h4 Qe8 19. h5 Qf8 20. hxg6 Qxh6+
21. Rxh6 fxg6 22. Be2 Ba6 23. Kb1 Rc8 24. b3 Rc6 25. Kb2 Rf7 26. Rhh1 Rfc7 27.
Rd2 h5 28. Rhd1 Rd7 29. Rd5 Rc5 30. Rxd6 Rxd6 31. Rxd6 Bc8 32. Rxg6+ Kf7 33.
Rh6 Rc7 34. Rh7+ 1-0

[Event "Championnat de la Loire Open"]
[Site "St-Etienne"]
[Date "2003.03.22"]
[Round "5.3"]
[White "Minchilli, Franco"]
[Black "Bion, Nicolas"]
[Result "1-0"]
[WhiteElo "1600"]
[BlackElo "1470"]
[PlyCount "47"]

1. d4 Nc6 2. Nf3 d5 3. Bf4 Nf6 4. e3 Bf5 5. a3 Bg4 6. Be2 Nh5 7. Nc3 f6 8. h3
Nxf4 9. exf4 Bf5 10. Nh4 Be6 11. f5 g5 12. fxe6 Qd6 13. Bh5+ Kd8 14. Nf3 Qxe6+
15. Qe2 Qf5 16. Bg4 Qg6 17. Nxd5 h5 18. Be6 f5 19. Nb4 Nxb4 20. axb4 Rh6 21. d5
Bg7 22. Qb5 Qe8 23. Qxb7 Rxe6+ 24. dxe6 1-0

[Event "Championnat de la Loire Open"]
[Site "St-Etienne"]
[Date "2003.03.22"]
[Round "5.4"]
[White "Adamus, Jeremy"]
[Black "Gaillard, Pierre"]
[Result "0-1"]
[WhiteElo "1199"]
[BlackElo "1710"]
[PlyCount "114"]

1. d4 d5 2. c4 e6 3. Nf3 Nf6 4. Nc3 Be7 5. Bg5 O-O 6. e3 Nbd7 7. Qb3 h6 8. Bh4
c6 9. Bd3 Qb6 10. O-O Re8 11. Rac1 dxc4 12. Bxc4 Nd5 13. Bxe7 Rxe7 14. Na4 Qxb3
15. Bxb3 N7b6 16. Nc5 a5 17. Na4 Bd7 18. e4 Nxa4 19. exd5 Nxb2 20. dxc6 Bxc6
21. Ne5 Bd5 22. Bxd5 exd5 23. Rc5 Nc4 24. Nxc4 dxc4 25. Rxc4 Re2 26. a4 Rd2 27.
g3 Rd8 28. Rc5 b6 29. Rb5 R8xd4 30. Rxb6 Rxa4 31. Rfb1 Raa2 32. Rb8+ Kh7 33.
R1b5 a4 34. Ra5 a3 35. Ra6 Rd3 36. Rb1 Rb2 37. Ra1 Rdd2 38. Rf1 a2 39. Kg2 g5
40. h3 h5 41. g4 hxg4 42. hxg4 Kg7 43. Kg3 Rd3+ 44. f3 Rdd2 45. Rg1 Re2 46. Kh3
Re6 47. Ra3 Kg6 48. Rg2 Rxg2 49. Kxg2 Re2+ 50. Kf1 Rb2 51. Ke1 Rb1+ 52. Kd2
a1=Q 53. Rxa1 Rxa1 54. Ke3 Kf6 55. Ke4 Ke6 56. Kd4 Rc1 57. Ke4 Rd1 0-1

[Event "Championnat de la Loire Open"]
[Site "St-Etienne"]
[Date "2003.03.22"]
[Round "5.5"]
[White "Treveys, Maxime"]
[Black "Gidon, Rene"]
[Result "1-0"]
[WhiteElo "1680"]
[BlackElo "1550"]
[PlyCount "59"]

1. d4 Nf6 2. c4 e6 3. Nc3 Bb4 4. Nf3 O-O 5. e3 b6 6. Bd3 Bb7 7. O-O Bxc3 8.
bxc3 d5 9. cxd5 Bxd5 10. c4 Be4 11. Bxe4 Nxe4 12. Qc2 Ng5 13. Nxg5 Qxg5 14. Qe4
Nd7 15. Qc6 Qd8 16. Rd1 Ne5 17. Qa4 Ng4 18. f3 Nf6 19. Ba3 Re8 20. Rac1 Qb8 21.
Qc6 e5 22. d5 Qc8 23. c5 Qa6 24. Bb4 e4 25. d6 cxd6 26. cxd6 Rec8 27. d7 Nxd7
28. Qxd7 Rxc1 29. Rxc1 exf3 30. gxf3 1-0

[Event "Championnat de la Loire Open"]
[Site "St-Etienne"]
[Date "2003.03.22"]
[Round "5.6"]
[White "Pareux, Marc"]
[Black "Chabas, Jean-Luc"]
[Result "0-1"]
[WhiteElo "1540"]
[BlackElo "1630"]
[PlyCount "54"]

1. d4 d5 2. e4 c6 3. Nc3 dxe4 4. f3 exf3 5. Nxf3 Bf5 6. Bc4 e6 7. O-O Nf6 8.
Bg5 Be7 9. Qe2 h6 10. Bh4 O-O 11. h3 Nbd7 12. Rad1 a6 13. Ne5 Qc8 14. g4 Bh7
15. g5 hxg5 16. Bxg5 Qe8 17. Qg2 Nxe5 18. dxe5 Nd5 19. Bxe7 Qxe7 20. Rf3 Qc5+
21. Kh2 Qxc4 22. Rg1 Bg6 23. Ne2 Rfd8 24. Nc3 Nf4 25. Qf2 Nd5 26. Ne2 Qxc2 27.
Rxg6 Qxg6 0-1

[Event "Championnat de la Loire Open"]
[Site "St-Etienne"]
[Date "2003.03.22"]
[Round "5.7"]
[White "Vinot, Raoul"]
[Black "Bournez, Gerard"]
[Result "1-0"]
[WhiteElo "1390"]
[BlackElo "1540"]
[PlyCount "69"]

1. d4 Nf6 2. c4 d5 3. Nc3 dxc4 4. e4 e6 5. a3 Bd7 6. Bxc4 c6 7. Nf3 Be7 8. O-O
O-O 9. Bg5 h6 10. Bh4 Nh7 11. Bxe7 Qxe7 12. e5 c5 13. Rc1 b6 14. d5 exd5 15.
Nxd5 Qd8 16. Nf4 Kh8 17. Re1 Ng5 18. b4 Ne6 19. Qd2 Nxf4 20. Qxf4 Be6 21. bxc5
bxc5 22. Qe4 Nd7 23. Bd3 g6 24. Nh4 Rg8 25. Re3 Qf8 26. Rg3 Rg7 27. f4 Qg8 28.
f5 gxf5 29. Nxf5 Bxf5 30. Qxf5 Nf8 31. Bc4 Re8 32. Bd5 Ne6 33. Rh3 Rxg2+ 34.
Bxg2 Qg7 35. Rg3 1-0

[Event "Championnat de la Loire Open"]
[Site "St-Etienne"]
[Date "2003.03.22"]
[Round "5.8"]
[White "Gerey, Bernard"]
[Black "Barthelemy, Jerome"]
[Result "0-1"]
[WhiteElo "1210"]
[BlackElo "1480"]
[PlyCount "82"]

1. e4 c5 2. Nf3 e6 3. d4 cxd4 4. Nxd4 Nc6 5. Nf3 Qc7 6. Bd3 Nf6 7. O-O Be7 8.
Nc3 a6 9. Be3 O-O 10. Ne2 b6 11. Ned4 Bb7 12. Qd2 Nxd4 13. Bxd4 Nxe4 14. Qe3
Nf6 15. Bxb6 Qb8 16. Bd4 Ng4 17. Be5 Nxe3 18. Bxb8 Nxf1 19. Be5 Nxh2 20. Bxh2
Bxf3 21. gxf3 Bf6 22. Rb1 d5 23. b4 Rfc8 24. a4 Bd4 25. b5 axb5 26. axb5 e5 27.
b6 Rcb8 28. Kg2 f6 29. f4 Rxb6 30. Rxb6 Bxb6 31. fxe5 Bc7 32. e6 Bxh2 33. Kxh2
g6 34. Bb5 Kf8 35. Bc6 Ra5 36. Kg3 Ke7 37. Bd7 Rc5 38. f4 Rxc2 39. Kg4 Rc7 40.
f5 Rxd7 41. fxg6 hxg6 0-1

[Event "Championnat de la Loire Open"]
[Site "St-Etienne"]
[Date "2003.03.22"]
[Round "5.9"]
[White "Bruyas, Benjamin"]
[Black "Bazoux, Sebastien"]
[Result "0-1"]
[WhiteElo "1230"]
[BlackElo "1430"]
[PlyCount "54"]

1. Nf3 Nf6 2. c4 g6 3. b3 Bg7 4. Bb2 d6 5. g3 Nc6 6. Bg2 Bg4 7. O-O O-O 8. d3
Qd7 9. Nbd2 Bh3 10. Bxh3 Qxh3 11. Ng5 Qf5 12. Ndf3 h6 13. Ne4 Nxe4 14. Bxg7
Kxg7 15. dxe4 Qxe4 16. e3 e5 17. Qe2 Rab8 18. a4 f6 19. Rfd1 Qg4 20. Rd5 Ne7
21. Ra5 Ra8 22. Rd1 b6 23. Ra6 Nc6 24. Kg2 Nb4 25. c5 Nxa6 26. cxd6 Nc5 27.
dxc7 Rac8 0-1

[Event "Championnat de la Loire Open"]
[Site "St-Etienne"]
[Date "2003.03.22"]
[Round "5.10"]
[White "Veyrat, Gerard"]
[Black "Langlade, Remi"]
[Result "0-1"]
[WhiteElo "1130"]
[BlackElo "1410"]
[PlyCount "82"]

1. d4 d5 2. c4 c6 3. c5 Nd7 4. Nc3 e5 5. e3 Qe7 6. f3 g6 7. Bd3 Bg7 8. Nge2
exd4 9. exd4 Bxd4 10. Na4 Bxc5 11. Nxc5 Nxc5 12. O-O Nf6 13. Re1 O-O 14. Bg5
Ncd7 15. Nd4 Qc5 16. Bh6 Qxd4+ 17. Be3 Qxb2 18. Bg5 Qb6+ 19. Kh1 Nh5 20. Qd2 f6
21. Bh6 Rd8 22. Qc2 f5 23. Re2 Qd4 24. Rae1 Ndf6 25. Bg5 Bd7 26. Be3 Qh4 27.
Bf2 Qg5 28. Qc3 Nf4 29. Be3 Nxe2 30. Bxg5 Nxc3 31. Bxf6 Re8 32. Bxc3 Rxe1+ 33.
Bxe1 Re8 34. Bf2 b6 35. a4 c5 36. Bc2 Re2 37. Bb3 c4 38. Bd1 Rxf2 39. Kg1 Rd2
40. Kf1 Rxd1+ 41. Ke2 Bxa4 0-1

[Event "Championnat de la Loire Open"]
[Site "St-Etienne"]
[Date "2003.03.22"]
[Round "5.11"]
[White "Mathieu, Jacques"]
[Black "Trottet, Francois"]
[Result "1/2-1/2"]
[WhiteElo "1499"]
[BlackElo "1440"]
[PlyCount "82"]

1. e4 c5 2. Nf3 e6 3. d4 cxd4 4. Nxd4 Nf6 5. Bd3 d6 6. Nc3 a6 7. O-O Qb6 8. Nf3
Be7 9. b3 Nc6 10. Bb2 O-O 11. h3 h6 12. Qd2 Nh7 13. Rfe1 Bf6 14. Na4 Qd8 15.
Bxf6 Nxf6 16. e5 dxe5 17. Nxe5 Qc7 18. Nxc6 Qxc6 19. Qe3 Nd7 20. Be4 Qc7 21. c4
Rb8 22. c5 Nf6 23. Bf3 Bd7 24. Nb6 Bb5 25. Be2 Bxe2 26. Rxe2 Rfd8 27. Rc1 Nd5
28. Qe5 Qc6 29. Nxd5 exd5 30. Qd4 b6 31. b4 b5 32. Rce1 Ra8 33. a3 a5 34. Rd1
axb4 35. axb4 Kf8 36. Re5 Ra4 37. Rxd5 Rxd5 38. Qxd5 Qxd5 39. Rxd5 Rxb4 40. c6
Rc4 41. Rxb5 Rxc6 1/2-1/2

[Event "Championnat de la Loire Open"]
[Site "St-Etienne"]
[Date "2003.03.22"]
[Round "5.12"]
[White "Rengame, Mohane"]
[Black "Rogues, Jean-Luc"]
[Result "1-0"]
[WhiteElo "1460"]
[BlackElo "1420"]
[PlyCount "117"]

1. c4 e5 2. Nc3 Nf6 3. e3 Bb4 4. d4 d6 5. Qa4+ Nc6 6. d5 Bxc3+ 7. bxc3 Bd7 8.
dxc6 Bxc6 9. Qc2 O-O 10. Qe2 Qd7 11. h3 a6 12. Nf3 b5 13. Qd1 Ne4 14. Bb2 Qe6
15. cxb5 axb5 16. Be2 f6 17. O-O Rxa2 18. Qb1 Rfa8 19. Rxa2 Rxa2 20. Bd3 f5 21.
Ba1 Ra8 22. Bxb5 Rb8 23. Bc4 Qxc4 24. Qxb8+ Kf7 25. Qxc7+ Kg6 26. g3 Kf6 27.
Qd8+ Kf7 28. Qc7+ Kf6 29. Nh4 Qd5 30. Qd8+ Kf7 31. Nxf5 Qe6 32. Qc7+ Bd7 33. g4
g6 34. Ng3 Ng5 35. Kg2 Qd5+ 36. f3 Ke6 37. e4 Qd2+ 38. Rf2 Qe3 39. h4 Nh3 40.
Re2 Nf4+ 41. Kh2 Nxe2 42. Qc4+ Ke7 43. Qxe2 Qf4 44. Kg2 h5 45. gxh5 Qxh4 46.
hxg6 Qh3+ 47. Kf2 Qh2+ 48. Ke3 Qh6+ 49. Kd3 Qxg6 50. Qh2 d5 51. Qh4+ Kf7 52.
Bb2 Qa6+ 53. Kd2 Qa2 54. Qh7+ Ke6 55. Qg6+ Ke7 56. Qg7+ Ke6 57. Kc1 Qa7 58. Nf5
Qc5 59. Qg6# 1-0

[Event "Championnat de la Loire Open"]
[Site "St-Etienne"]
[Date "2003.03.22"]
[Round "5.13"]
[White "Cayuela-Mosch, Renate"]
[Black "Gerey, Jean-Pierre"]
[Result "0-1"]
[WhiteElo "1499"]
[BlackElo "1340"]
[PlyCount "122"]

1. Nf3 d5 2. d4 Nc6 3. Bf4 Nf6 4. Nc3 e6 5. e3 Bb4 6. a3 Ba5 7. Be2 Ne4 8. O-O
Nxc3 9. bxc3 Bxc3 10. Rb1 Ba5 11. Ne5 Nxe5 12. Bxe5 O-O 13. Qd3 Qe7 14. Rb3 b6
15. c3 c5 16. Qc2 c4 17. Rbb1 Qxa3 18. Ra1 Qxc3 19. Rfc1 Qxc2 20. Rxc2 Bb4 21.
Bf3 b5 22. Rb1 Be7 23. Rxb5 a6 24. Rb1 Rd8 25. e4 Ra7 26. Rb8 Rb7 27. Rb2 Rxb2
28. Rxb2 Bd7 29. exd5 exd5 30. Bxd5 Ba3 31. Rc2 Bb5 32. Bxc4 Bxc4 33. Rxc4 Re8
34. Ra4 Rc8 35. g3 Bb2 36. Rxa6 f6 37. Bf4 Bxd4 38. Be3 Bxe3 39. fxe3 Rc3 40.
Kf2 Rc2+ 41. Kf3 Rxh2 42. Ra8+ Kf7 43. Ra7+ Kg6 44. g4 Rh3+ 45. Kf4 Rh4 46. Ra5
h5 47. Rxh5 Rxh5 48. gxh5+ Kxh5 49. Kf5 Kh6 50. e4 Kh5 51. Ke6 Kg5 52. Kf7 g6
53. Ke6 f5 54. e5 f4 55. Kf7 f3 56. e6 f2 57. e7 f1=Q+ 58. Kg7 Qf6+ 59. Kg8
Qxe7 60. Kh8 Kh6 61. Kg8 Qg7# 0-1

[Event "Championnat de la Loire Open"]
[Site "St-Etienne"]
[Date "2003.03.22"]
[Round "5.14"]
[White "Mialon, Franck"]
[Black "Conesa, Antoine"]
[Result "1/2-1/2"]
[WhiteElo "1280"]
[BlackElo "1420"]
[PlyCount "84"]

1. e4 e6 2. d4 c5 3. Nf3 d5 4. exd5 exd5 5. Be2 Nf6 6. O-O c4 7. Re1 Be6 8. Ng5
Qb6 9. Nxe6 fxe6 10. Bg4 Ke7 11. Rxe6+ Qxe6 12. Bxe6 Kxe6 13. Qe2+ Kd7 14. Nc3
a6 15. Bf4 Nc6 16. Qf3 Nxd4 17. Qh3+ Kc6 18. Rd1 Bc5 19. Be5 Rhe8 20. Bxd4 Bxd4
21. Qg3 Re7 22. h3 Be5 23. Qf3 Rd8 24. Na4 b5 25. Nc3 b4 26. Na4 Kb5 27. b3 Ne4
28. Qe3 d4 29. Qf3 Ng5 30. Qf5 Ne4 31. f3 g6 32. Qg4 Nf6 33. Qg5 Rd5 34. f4 d3
35. fxe5 Re6 36. Qf4 cxb3 37. axb3 Rdxe5 38. Qc4+ Ka5 39. Rxd3 h5 40. Qc7+ Kb5
41. Qb8+ Ka5 42. Qd8+ Kb5 1/2-1/2

[Event "Championnat de la Loire Open"]
[Site "St-Etienne"]
[Date "2003.03.22"]
[Round "5.15"]
[White "Goudet, Maxence"]
[Black "Campoy, Jean"]
[Result "0-1"]
[WhiteElo "1299"]
[BlackElo "1470"]
[PlyCount "56"]

1. e4 e5 2. Nf3 Nc6 3. d4 exd4 4. Nxd4 Ne5 5. b3 d6 6. Bd3 Nf6 7. O-O Be7 8.
Bf4 Ng6 9. g3 Nxf4 10. gxf4 Bh3 11. Re1 O-O 12. e5 Ng4 13. exd6 Bxd6 14. f3 Nf6
15. Bf5 Bxf5 16. Nxf5 Bxf4 17. Qe2 Nd5 18. Qg2 Qf6 19. Qg4 g6 20. Nc3 Nxc3 21.
Qxf4 Ne2+ 22. Rxe2 Qxa1+ 23. Kf2 gxf5 24. Qxf5 Qd4+ 25. Kf1 Rfe8 26. Rg2+ Kh8
27. Qg5 Qd1+ 28. Kf2 Qe1# 0-1

[Event "Championnat de la Loire Open"]
[Site "St-Etienne"]
[Date "2003.05.17"]
[Round "6.1"]
[White "Pupier, Terry"]
[Black "Minchilli, Franco"]
[Result "0-1"]
[WhiteElo "1780"]
[BlackElo "1600"]
[PlyCount "50"]

1. e4 e5 2. Nf3 Nf6 3. Nxe5 d6 4. Nf3 Nxe4 5. d4 d5 6. Bd3 Nc6 7. O-O Bf5 8.
Re1 Nb4 9. Bxe4 dxe4 10. a3 Nd5 11. Ng5 Nf6 12. Nc3 Be7 13. Ngxe4 Nxe4 14. Nxe4
O-O 15. Ng3 Bg6 16. c3 Re8 17. Bd2 c5 18. Be3 c4 19. Ne2 Be4 20. Qd2 Bf6 21.
Rad1 Qd5 22. f3 Bf5 23. Nf4 Qd6 24. Nh5 Rac8 25. Nxf6+ Qxf6 0-1